LEADER 01471nam a2200361 i 4500 001 991000700319707536 005 20020507172438.0 008 931004s1986 ne ||| | eng 020 $a0444879595 035 $ab10745014-39ule_inst 035 $aLE01300921$9ExL 040 $aDip.to Matematica$beng 082 0 $a515.7 084 $aAMS 46-06 084 $aAMS 46-XX 100 1 $aNagel, Rainer$062519 245 10$aAspects of positivity in functional analysis :$bproc. of the conference held on the occasion of H. H. Schaefer's 60th birthday, Tübimgen, 24-28 June 1985 /$ceds. R. Nagel, U. Schlotterbeck, M. P. H. Wolff 260 $aAmsterdam :$bNorth-Holland,$c1986 300 $axiii, 277 p. ;$c24 cm 490 0 $aNorth-Holland mathematics studies,$x0304-0208 ;$v122 490 0 $aNotas de matematica ;$v108 500 $aConference/meeting Tübingen 1985 650 0$aFunctional analysis$xCongresses 650 0$aSchaefer$xCongresses 700 1 $aSchaefer, Helmut H. 700 1 $aSchlotterbeck, Ulf$eauthor$4http://id.loc.gov/vocabulary/relators/aut$0103890 700 1 $aWolff, Manfred P. H. 907 $a.b10745014$b23-02-17$c28-06-02 912 $a991000700319707536 945 $aLE013 46-XX NAG11 (1986)$g1$i2013000142371$lle013$o-$pE0.00$q-$rl$s- $t0$u0$v0$w0$x0$y.i10837097$z28-06-02 996 $aAspects of positivity in functional analysis$91455382 997 $aUNISALENTO 998 $ale013$b01-01-93$cm$da $e-$feng$gne $h0$i1 LEADER 01230nam a2200265|i 4500 001 991003589599707536 005 20021219124216.0 008 020430s|||| de u u geruu 020 $a3892440603 035 $ab11835862-39ule_inst 035 $aLE02736341$9ExL 040 $aDip.to Studi Giuridici$bita 082 0 $a347.43 100 1 $aGrahl, Christian$0531639 245 14$aDie Abschaffung der Advokatur unter Friedrich dem Grossen :$bZusatz zum Titel Proze?betrieb und Parteibeistand im preuìschen Zivilgerichtsverfahren bis zum Ende des 18. Jahrhunderts unter bes. Berücks. der Materialien zum Corpus Juris Fridericianum von 1781 /$cChristian Grahl 260 0 $aGottingen :$bWallstein,$c1993 300 $a199 p. ;$c21 cm. 490 0 $aQuellen und Forschungen zum Recht und seiner Geschichte ;$v2 650 4$aProcedura civile$xRiforma$xStoria$zPrussia$d1774-1794 907 $a.b11835862$b27-04-17$c20-12-02 912 $a991003589599707536 945 $aLE027 347.43 GRA01.01$g1$iLE027-10250$lle027$o-$pE0.00$q-$rl$s- $t0$u0$v0$w0$x0$y.i12087233$z20-12-02 996 $aAbschaffung der Advokatur unter Friedrich dem Grossen$9898030 997 $aUNISALENTO 998 $ale027$b01-01-02$cm$da $e-$fger$gde $h4$i1 LEADER 02691nam 2200637 450 001 9910790791603321 005 20230725061926.0 010 $a1-60795-937-2 010 $a1-4619-3632-2 035 $a(CKB)2550000001146935 035 $a(EBL)3386944 035 $a(SSID)ssj0001039469 035 $a(PQKBManifestationID)11554456 035 $a(PQKBTitleCode)TC0001039469 035 $a(PQKBWorkID)10990640 035 $a(PQKB)11170980 035 $a(MiAaPQ)EBC3386944 035 $a(Au-PeEL)EBL3386944 035 $a(CaPaEBR)ebr10949537 035 $a(OCoLC)923336886 035 $a(EXLCZ)992550000001146935 100 $a20141016h20112011 uy 0 101 0 $aeng 135 $aur|n|---||||| 181 $ctxt 182 $cc 183 $acr 200 10$aFacial soft tissue reconstruction $eThomas procedures in facial plastic surgery /$fGregory H. Branham ; cover designer, Mary McKeon 210 1$aShelton, Connecticut :$cPeople's Medical Publishing House,$d2011. 210 4$dİ2011 215 $a1 online resource (171 p.) 225 1 $aThomas Procedures in Facial Plastic Surgery 300 $aDescription based upon print version of record. 311 $a1-60795-149-5 320 $aIncludes bibliographical references and index at the end of each chapters. 327 $a""Facial Soft Tissue Reconstruction (Thomas Procedures in Facial Plastic Surgery) ""; ""Preface ""; ""Contributors ""; ""Contents ""; ""1: Anatomy and Physiology of the Skin ""; ""2: Basic Wound Healing ""; ""3: Soft Tissue Techniques ""; ""4: Principles of Flap Design and Preoperative Analysis ""; ""5: Skin Grafts ""; ""6: Nasal Reconstruction ""; ""7: Lip and Perioral Reconstruction ""; ""8: Forehead and Brow Reconstruction ""; ""9: Cheek Reconstruction ""; ""10: Eyelid and Periocular Reconstruction ""; ""11: Scalp Reconstruction "" 327 $a""12: Postoperative Care, Complications, and Adjunctive Scar Camouflage """"13: Complications of Local Flaps: Prevention and Management ""; ""Index "" 410 0$aThomas procedures in facial plastic surgery. 606 $aFace$xSurgery 606 $aSurgery, Plastic 606 $aFace$xsurgery 606 $aReconstructive Surgical Procedures$xmethods 615 0$aFace$xSurgery. 615 0$aSurgery, Plastic. 615 12$aFace$xsurgery. 615 22$aReconstructive Surgical Procedures$xmethods. 676 $a617.5/2059 700 $aBranham$b Gregory H.$01532747 702 $aMcKeon$b Mary 801 0$bMiAaPQ 801 1$bMiAaPQ 801 2$bMiAaPQ 906 $aBOOK 912 $a9910790791603321 996 $aFacial soft tissue reconstruction$93779229 997 $aUNINA